[Event "AUTO-INT-571"]
[Site "http://www.queenalice.com/game.php?id=254108"]
[Date "2007.8.10"]
[Round "1"]
[White "AnnE"]
[Black "adotti"]
[Result "0-1"]
[WhiteElo "1515"]
[BlackElo "1478"]

1. e4 Nc6 2. Nf3 Nf6 3. Nc3 e5 4. Bb5 Bc5 5. Bxc6 bxc6 6. Nxe5 O-O 7. O-O d6 8.
Nf3 Bg4 9. d4 Bb4 10. e5 Nd5 0-1

[Event "Challenge"]
[Site "http://www.queenalice.com/game.php?id=260852"]
[Date "2007.8.24"]
[Round "-"]
[White "Kleber_Willian"]
[Black "AnnE"]
[Result "1-0"]
[WhiteElo "1682"]
[BlackElo "1539"]

1. e4 e5 2. Nf3 Nc6 3. d4 exd4 4. Nxd4 Bc5 5. Be3 Qf6 6. c3 Nge7 7. Na3 O-O 8.
Nab5 Bb6 9. Nxc6 Qxc6 10. Bxb6 Qxb6 11. Bd3 a6 12. Nd4 Re8 13. Qh5 Qxb2 14. O-O
Qxc3 15. Rad1 Qxd4 16. e5 Ng6 17. Qf3 Rxe5 18. Bxg6 Qc4 19. Bd3 Qxa2 20. Qh3 h6
21. Rfe1 Rxe1+ 22. Rxe1 Kf8 23. Qf3 Qa5 24. Kf1 Rb8 25. Qe4 g6 26. Qe8+ Kg7 27.
Bc4 d5 28. Qe5+ Kg8 29. Qd4 dxc4 30. Re8+ 1-0

[Event "Challenge"]
[Site "http://www.queenalice.com/game.php?id=277333"]
[Date "2007.9.26"]
[Round "-"]
[White "AnnE"]
[Black "barbieros"]
[Result "1-0"]
[WhiteElo "1522"]
[BlackElo "1495"]

1. e4 Nf6 2. e5 Nd5 3. Nf3 d6 4. exd6 Qxd6 5. Be2 Nf4 6. O-O Qg6 7. Nh4 Nxg2 8.
Nxg6 Rg8 9. Kxg2 fxg6 10. Nc3 Nc6 11. Nd5 Kd8 12. d3 Be6 13. Bf3 Nd4 14. Nc3 h5
15. Bxb7 Rb8 16. Bd5 Bxd5+ 17. Nxd5 Rb5 18. Nc3 Rf5 19. b3 e6 20. a4 Bb4 21. Ne4
h4 22. Bb2 Nc6 23. Qe2 Rh8 24. Bxg7 Rhh5 25. h3 Ne5 26. Bf6+ Ke8 27. c3 Bxc3 28.
Nxc3 Rxf6 29. f4 Nd7 30. Rac1 e5 31. Nb5 g5 32. fxe5 Rfh6 33. Rxc7 Rh7 34. e6
Nf6 35. Nd6+ Kd8 36. Rxh7 Rxh7 37. Rxf6 Ke7 38. Rg6 g4 39. Nf5+ Kf8 40. Qxg4 Rb7
41. Rg8# 1-0

[Event "Challenge"]
[Site "http://www.queenalice.com/game.php?id=279262"]
[Date "2007.9.30"]
[Round "-"]
[White "AnnE"]
[Black "lezeu63"]
[Result "0-1"]
[WhiteElo "1537"]
[BlackElo "1673"]

1. e4 e5 2. Nf3 Nf6 3. Nxe5 Nxe4 4. Nxf7 Kxf7 5. Qf3+ Nf6 6. Nc3 d6 7. Bc4+ Ke8
8. O-O c6 9. Ne4 d5 10. Nxf6+ Qxf6 11. Re1+ Be7 12. Bb3 Rf8 13. Qxf6 Rxf6 14. d3
h6 15. Bd2 Kd8 16. Re2 Re6 17. Rae1 Rxe2 18. Rxe2 Bf5 19. Bc3 g5 20. Bg7 h5 21.
h3 Nd7 22. Bc3 Kc7 23. d4 Re8 24. Kf1 c5 25. Bxd5 Bg6 26. dxc5 Nxc5 27. Be5+ Bd6
28. Bxd6+ Kxd6 29. Rd2 Ke5 30. Bc4 Rc8 31. Be2 Ne4 32. Rd7 Rxc2 33. Rxb7 Rc1+
34. Bd1 Rxd1+ 35. Ke2 Rd2+ 36. Ke3 Rxf2 37. Re7+ Kf5 38. Rxe4 Rxg2 39. Ra4 Rg3+
40. Kd2 Rxh3 41. Rxa7 g4 42. b4 g3 43. Ke2 Rh2+ 44. Kf1 Kg4 45. Rg7 Kf5 46. Ra7
Kf4 47. Ra3 Be4 48. b5 Rh1+ 49. Ke2 g2 0-1

[Event "Challenge"]
[Site "http://www.queenalice.com/game.php?id=281540"]
[Date "2007.10.5"]
[Round "-"]
[White "AnnE"]
[Black "karpovl"]
[Result "0-1"]
[WhiteElo "1542"]
[BlackElo "1436"]

1. e4 d5 2. exd5 Qxd5 3. Qf3 Qe5+ 4. Qe2 Nc6 5. Nf3 Qf4 6. Nc3 Nd4 7. Nxd4 Qxd4
8. d3 Bg4 9. f3 Bh5 10. Be3 Qb4 11. O-O-O a5 12. a3 Qh4 13. Bf2 Qg5+ 14. Be3 Qf6
15. Nd5 Qe5 16. Nf4 Ra6 17. d4 Qf5 18. Nxh5 Qxh5 19. h3 e5 0-1

[Event "Challenge"]
[Site "http://www.queenalice.com/game.php?id=284470"]
[Date "2007.10.11"]
[Round "-"]
[White "AnnE"]
[Black "fogatha"]
[Result "1-0"]
[WhiteElo "1526"]
[BlackElo "1455"]

1. e4 Nf6 2. Nc3 e5 3. f4 exf4 4. d4 g5 5. Be2 Nc6 6. Nf3 g4 7. Ne5 Bh6 8. Nxg4
d6 9. Nxh6 Nxd4 10. Qxd4 c5 11. Qd1 Ng8 12. Nxg8 Rxg8 13. O-O Bh3 14. Bf3 Qb6
15. Kh1 Qa6 16. gxh3 c4 17. Bxf4 Rd8 18. Nd5 Rg6 19. Nc7+ 1-0

[Event "Challenge"]
[Site "http://www.queenalice.com/game.php?id=284472"]
[Date "2007.10.11"]
[Round "-"]
[White "AnnE"]
[Black "fogatha"]
[Result "0-1"]
[WhiteElo "1500"]
[BlackElo "1476"]

1. e4 e5 2. Nf3 d6 3. d4 Nc6 4. dxe5 dxe5 5. Qxd8+ Kxd8 6. Bb5 Nb4 7. Kd1 f6 8.
Nc3 Be6 9. a3 Nc6 10. Be3 g5 11. h3 g4 12. Nd2 gxh3 13. gxh3 Na5 14. Ke2 c6 15.
Bd3 b5 16. f4 exf4 17. Bxf4 a6 18. b4 Nb7 19. Rad1 Rc8 20. Nf3 c5 21. Bxb5+ Nd6
22. Bxd6 Bxd6 23. Rxd6+ Ke7 24. Rxa6 cxb4 25. Nd5+ Bxd5 0-1

[Event "Challenge"]
[Site "http://www.queenalice.com/game.php?id=284473"]
[Date "2007.10.11"]
[Round "-"]
[White "AnnE"]
[Black "fogatha"]
[Result "0-1"]
[WhiteElo "1500"]
[BlackElo "1433"]

1. e4 e5 2. Nf3 d6 3. d4 f6 4. dxe5 fxe5 5. Nc3 Nf6 6. Bg5 Bg4 7. h3 Bxf3 8.
Qxf3 h6 9. Bh4 g5 10. Bg3 c6 11. O-O-O h5 12. Be2 h4 13. Bh2 Bh6 14. Kb1 c5 15.
Qd3 Nc6 16. Qxd6 Bf8 17. Qxd8+ Nxd8 18. Bxe5 Rh6 19. Bb5+ Nc6 20. Bh2 g4 21. e5
Nd7 22. Bxc6 bxc6 23. Rhe1 Rg6 24. e6 Nb6 25. Re4 gxh3 0-1

[Event "Challenge"]
[Site "http://www.queenalice.com/game.php?id=288199"]
[Date "2007.10.17"]
[Round "-"]
[White "AnnE"]
[Black "silverado"]
[Result "0-1"]
[WhiteElo "1487"]
[BlackElo "1710"]

1. e4 e5 2. Nf3 Nc6 3. Bc4 f6 4. d4 Bb4+ 5. c3 Ba5 6. d5 Nce7 7. O-O d6 8. Qa4+
Qd7 9. Qxa5 b6 10. Qb4 a6 11. Be3 Bb7 12. Nbd2 b5 13. a4 c5 14. dxc6 Nxc6 15.
Bxb5 axb5 16. Qb3 bxa4 17. Rxa4 Na5 18. Qb4 Nc6 19. Qa3 Rxa4 20. Qxa4 Nge7 21.
Nc4 Nc8 22. Nh4 N6e7 23. Qxd7+ Kxd7 24. f4 Bxe4 25. Rd1 Nd5 26. Bc1 Nxf4 27.
Bxf4 exf4 28. b4 g5 29. Nf3 Re8 30. Kf2 d5 31. Ncd2 Kc6 32. Nd4+ Kb6 33. Re1 Nd6
34. Ra1 h5 35. g3 fxg3+ 36. hxg3 Rc8 37. Rc1 Bg6 38. N2f3 Ne4+ 39. Kg2 g4 40.
Nh4 Bh7 41. Ne2 Nd2 42. Rd1 Be4+ 43. Kf2 Nf3 44. Nxf3 Bxf3 45. Rd3 Rh8 46. Ng1
Be4 47. Re3 f5 48. Ne2 Kb5 49. Nd4+ Kc4 50. Ne2 h4 51. gxh4 Rxh4 52. Nf4 Rh2+
53. Kg3 Rc2 54. Ne2 Bd3 55. Nf4 Rxc3 56. Nxd3 Rxd3 57. Rxd3 Kxd3 58. b5 Ke4 59.
b6 f4+ 60. Kxg4 f3 61. b7 f2 62. b8=Q f1=Q 63. Qb4+ d4 64. Qe7+ Kd3 65. Qa3+ Kd2
66. Qb2+ Ke3 67. Qb3+ d3 68. Qe6+ Kd2 69. Qa2+ Ke1 70. Qa5+ d2 71. Qe5+ Qe2+ 0-1

[Event "Challenge"]
[Site "http://www.queenalice.com/game.php?id=316474"]
[Date "2007.12.7"]
[Round "-"]
[White "AnnE"]
[Black "Kleber_Willian"]
[Result "0-1"]
[WhiteElo "1500"]
[BlackElo "1697"]

1. e4 e5 2. Nf3 Nc6 3. d4 f6 4. Bb5 exd4 5. Bxc6 dxc6 6. Qxd4 Bg4 7. Qxd8+ Rxd8
8. Nbd2 Bxf3 9. Nxf3 Bc5 10. O-O Nh6 11. Bf4 Bd6 12. Bxd6 cxd6 13. Rad1 O-O 14.
h3 Nf7 15. Rfe1 Ne5 16. Nd4 Rfe8 0-1

[Event "AUTO-OPEN-937"]
[Site "http://www.queenalice.com/game.php?id=321606"]
[Date "2007.12.17"]
[Round "1"]
[White "Lord_Lelis"]
[Black "AnnE"]
[Result "1-0"]
[WhiteElo "1747"]
[BlackElo "1480"]

1. e4 e5 2. Nf3 Nc6 3. Bc4 Bc5 4. c3 Nf6 5. d3 h6 6. O-O O-O 7. Be3 Be7 8. Nbd2
d6 9. h3 a6 10. Nh2 Be6 11. Bxe6 fxe6 12. Ndf3 d5 13. Nh4 Kh7 14. Ng4 Nxg4 15.
Qxg4 1-0

[Event "AUTO-OPEN-937"]
[Site "http://www.queenalice.com/game.php?id=321607"]
[Date "2007.12.17"]
[Round "1"]
[White "AnnE"]
[Black "Lord_Lelis"]
[Result "0-1"]
[WhiteElo "1492"]
[BlackElo "1773"]

1. e4 g5 2. d4 e6 3. Be3 Nc6 4. Bb5 Bg7 5. Ne2 d6 6. Nbc3 a6 7. Bxc6+ bxc6 8.
O-O Nh6 9. h3 e5 10. Rb1 g4 11. Bxh6 Bxh6 12. hxg4 Bxg4 13. dxe5 Rg8 0-1

[Event "AUTO-OPEN-937"]
[Site "http://www.queenalice.com/game.php?id=321652"]
[Date "2007.12.17"]
[Round "1"]
[White "winner"]
[Black "AnnE"]
[Result "1-0"]
[WhiteElo "1720"]
[BlackElo "1515"]

1. e4 e5 2. Nf3 Nc6 3. Bb5 a6 4. Bxc6 dxc6 5. O-O Bd6 6. d4 exd4 7. Nxd4 Qh4 8.
Nf3 Qg4 9. h3 Qe6 10. Nc3 Ne7 11. a3 O-O 12. Qd4 c5 13. Qd2 Ng6 14. Qg5 1-0

[Event "AUTO-OPEN-937"]
[Site "http://www.queenalice.com/game.php?id=321653"]
[Date "2007.12.17"]
[Round "1"]
[White "AnnE"]
[Black "winner"]
[Result "0-1"]
[WhiteElo "1507"]
[BlackElo "1728"]

1. e4 e6 2. d4 d5 3. exd5 exd5 4. Nf3 Bg4 5. Be2 Qe7 6. O-O Nc6 7. Nc3 O-O-O 8.
Re1 Nf6 9. Bg5 h6 10. Bxf6 Qxf6 11. Ne5 Bxe2 12. Rxe2 Nxe5 13. dxe5 Qe6 0-1